Komunikácia v politickej kampani diplomová práca

Na minha lista:
Detalhes bibliográficos
Autor principal: Kamenický, Rastislav
Autor Corporativo: Obchodná fakulta EU. Katedra marketingu
Outros Autores: Labská, Helena
Formato: Livro
Idioma:eslovaco
Publicado em: Bratislava 2013
Tags: Adicionar Tag
Sem tags, seja o primeiro a adicionar uma tag!

MARC

LEADER 00000nbm a2200000 4500
001 0169435
005 20161109102304.1
041 0 |a slo 
044 |a SK 
245 1 0 |a Komunikácia v politickej kampani  |b diplomová práca  |c Rastislav Kamenický ; školiteľ: Kornélia Richterová 
264 1 |a Bratislava  |c 2013 
300 |a 78 s. 
100 1 |a Kamenický, Rastislav 
700 1 |a Labská, Helena 
710 2 |a Obchodná fakulta EU. Katedra marketingu